000 00576nam a22002057a 4500
003 OSt
005 20140310182844.0
008 130610t xxu||||| |||| 00| 0 eng d
020 _a0448170388
050 _aNC 1429
_b.T365 1979
082 _aM 808.882
_bT32 1979
245 _aMike Thaler's riddle rainbow screamers :
_bcartoon monster riddles /
_cThaler, Mike
260 _aU.S.A :
_bTempo Books,
_cc1979.
300 _a93 p. :
_bill. ;
_c18 cm.
521 _acollege students
526 _c1210L-1700L
541 _j1
562 _e1
942 _2lcc
_cBK
_kM
999 _c16896
_d16896